[Event "Aragon-chT Honor Gr-II"]
[Site "Aragon"]
[Date "2020.02.01"]
[Round "2.8"]
[White "Lana Rodriguez, David"]
[Black "Baron Rodriguez, Jesus"]
[Result "1-0"]
[WhiteElo "2301"]
[BlackElo "2418"]
[PlyCount "69"]
[EventDate "2020.01.25"]
[EventType "team-tourn"]
[EventRounds "7"]
[EventCountry "ESP"]
[SourceTitle "EXT 2022"]
[Source "ChessBase"]
[SourceDate "2021.10.06"]
[SourceVersion "1"]
[SourceVersionDate "2021.10.06"]
[SourceQuality "1"]
[WhiteTeam "Agrupacion"]
[BlackTeam "IberCaja"]
[WhiteTeamCountry "ESP"]
[BlackTeamCountry "ESP"]

1. e4 e5 2. Nf3 Nc6 3. Bc4 Nf6 4. Ng5 d5 5. exd5 Na5 6. Bb5+ Bd7 7. Qe2 Be7 8. Nc3 0-0 9. Bxd7 Qxd7 10. 0-0 Qf5 11. Nge4 Nxe4 12. Nxe4 Rad8 13. c4 b5 14. d3 Qg6 15. Bd2 b4 16. a3 Nb3 17. axb4 f5 18. Nc5 Nd4 19. Qe3 Nc2 20. Qxe5 Bxc5 21. bxc5 Nxa1 22. Rxa1 f4 23. Bxf4 Qxd3 24. Qxc7 Qxc4 25. Be5 Qg4 26. h3 Qg6 27. Rxa7 Rfe8 28. Qxg7+ Qxg7 29. Rxg7+ Kf8 30. Rg5 h6 31. Rf5+ Kg8 32. Bc7 Re1+ 33. Kh2 Ra8 34. d6 Rd1 35. b4 1-0

[Event "Aragon-chT Honor Gr-B"]
[Site "Aragon"]
[Date "2019.03.02"]
[Round "6.17"]
[White "Gracia Suarez, Jesus"]
[Black "Baron Rodriguez, Jesus"]
[Result "0-1"]
[WhiteElo "2080"]
[BlackElo "2416"]
[PlyCount "28"]
[EventDate "2019.01.26"]
[EventType "team-tourn"]
[EventRounds "7"]
[EventCountry "ESP"]
[SourceTitle "EXT 2020"]
[Source "ChessBase"]
[SourceDate "2019.10.17"]
[SourceVersion "1"]
[SourceVersionDate "2019.10.17"]
[SourceQuality "1"]
[WhiteTeam "San Jose"]
[BlackTeam "IberCaja"]
[WhiteTeamCountry "ESP"]
[BlackTeamCountry "ESP"]

1. Nc3 d5 2. e4 e6 3. d4 Bb4 4. Nge2 dxe4 5. a3 Bxc3+ 6. Nxc3 Nc6 7. Bb5 Nge7 8. Bg5 f6 9. Be3 0-0 10. Nxe4 f5 11. Ng5 f4 12. Qh5 h6 13. 0-0 Qd5 14. Bxc6 Nxc6 0-1

[Event "Aragon-chT Honor Gr-B"]
[Site "Aragon"]
[Date "2019.02.23"]
[Round "5.21"]
[White "Baron Rodriguez, Jesus"]
[Black "Cid Royo, Jonathan"]
[Result "1-0"]
[WhiteElo "2416"]
[BlackElo "2205"]
[PlyCount "65"]
[EventDate "2019.01.26"]
[EventType "team-tourn"]
[EventRounds "7"]
[EventCountry "ESP"]
[SourceTitle "EXT 2020"]
[Source "ChessBase"]
[SourceDate "2019.10.17"]
[SourceVersion "1"]
[SourceVersionDate "2019.10.17"]
[SourceQuality "1"]
[WhiteTeam "IberCaja"]
[BlackTeam "La Aurora Estadilla"]
[WhiteTeamCountry "ESP"]
[BlackTeamCountry "ESP"]

1. e4 c5 2. Nf3 d6 3. d4 cxd4 4. Nxd4 Nf6 5. Nc3 a6 6. Bg5 e6 7. f4 h6 8. Bxf6 Qxf6 9. Qd2 b5 10. 0-0-0 Bb7 11. Bxb5+ axb5 12. Ndxb5 Qd8 13. Nxd6+ Bxd6 14. Qxd6 Qxd6 15. Rxd6 Ke7 16. Rhd1 Rc8 17. Rb6 Bc6 18. b3 Nd7 19. Rb4 Nf6 20. a4 Ra7 21. Rc4 Rac7 22. Rdd4 Ba8 23. Rxc7+ Rxc7 24. Kd2 Rd7 25. Kd3 e5 26. fxe5 Ng4 27. Nd5+ Bxd5 28. Rxd5 Nxe5+ 29. Kd4 f6 30. Rxd7+ Kxd7 31. b4 Nc6+ 32. Kc5 Kc7 33. a5 1-0

[Event "Aragon-chT Honor Gr II"]
[Site "Aragon"]
[Date "2018.01.27"]
[Round "1.5"]
[White "Baron Rodriguez, Jesus"]
[Black "Cifuentes Parada, Roberto"]
[Result "0-1"]
[WhiteElo "2423"]
[BlackElo "2465"]
[PlyCount "56"]
[EventDate "2018.01.27"]
[EventType "team-tourn"]
[EventRounds "7"]
[EventCountry "ESP"]
[SourceTitle "EXT 2019"]
[Source "ChessBase"]
[SourceDate "2018.10.10"]
[SourceVersion "1"]
[SourceVersionDate "2018.10.10"]
[SourceQuality "1"]
[WhiteTeam "IberCaja"]
[BlackTeam "Jaque"]
[WhiteTeamCountry "ESP"]
[BlackTeamCountry "ESP"]

1. e4 c5 2. Nf3 e6 3. d4 cxd4 4. Nxd4 Nc6 5. Nc3 d6 6. Be3 Nf6 7. f4 e5 8. Nxc6 bxc6 9. Be2 Qa5 10. Qd2 Rb8 11. 0-0-0 d5 12. fxe5 Nxe4 13. Nxe4 Qxa2 14. Qc3 Bb4 15. Qxc6+ Bd7 16. Qa6 Ba5 17. Nd6+ Kf8 18. Qxa5 Qxa5 19. Rhf1 Be6 20. Bh5 g6 21. Nxf7 Ke7 22. Bg5+ Kd7 23. Nxh8 gxh5 24. Bf6 Qa1+ 25. Kd2 Qxb2 26. Rf4 Rc8 27. Rc1 d4 28. Rf3 a5 0-1

[Event "Aragon-chT Honor GrA"]
[Site "Aragon"]
[Date "2017.02.11"]
[Round "3.9"]
[White "Hinojar Basa, Alfonso"]
[Black "Baron Rodriguez, Jesus"]
[Result "1/2-1/2"]
[WhiteElo "2175"]
[BlackElo "2430"]
[PlyCount "101"]
[EventDate "2017.01.28"]
[EventType "team-tourn"]
[EventRounds "7"]
[EventCountry "ESP"]
[SourceTitle "EXT 2018"]
[Source "ChessBase"]
[SourceDate "2017.10.13"]
[SourceVersion "1"]
[SourceVersionDate "2017.10.13"]
[SourceQuality "1"]
[WhiteTeam "Marcos Frechin"]
[BlackTeam "IberCaja"]
[WhiteTeamCountry "ESP"]
[BlackTeamCountry "ESP"]

1. e4 e5 2. Nf3 Nc6 3. Bc4 Nf6 4. d3 Be7 5. 0-0 0-0 6. Re1 d6 7. a4 h6 8. c3 Nh7 9. h3 Ng5 10. Nxg5 Bxg5 11. Nd2 Ne7 12. Nf3 Ng6 13. Nxg5 hxg5 14. Qh5 Nf4 15. Bxf4 gxf4 16. d4 Qf6 17. Rad1 g5 18. dxe5 dxe5 19. h4 gxh4 20. Rd5 Re8 21. Red1 Kg7 22. Be2 h3 23. gxh3 Rh8 24. Qxe5 Bxh3 25. Qd4 Qxd4 26. R1xd4 c6 27. Rh5 Rxh5 28. Bxh5 Kf6 29. Bf3 Rg8+ 30. Kh2 Be6 31. a5 c5 32. Rd2 Ke5 33. b4 cxb4 34. cxb4 Rc8 35. Kg2 a6 36. Rb2 Bd7 37. Be2 Rg8+ 38. Kf1 Kxe4 39. b5 axb5 40. Bxb5 Be6 41. a6 bxa6 42. Bxa6 Bd5 43. Bb7 Bxb7 44. Rxb7 Rc8 45. Rb4+ Kf3 46. Rb3+ Kg4 47. Kg2 Rc2 48. Rb4 f6 49. Ra4 f5 50. Rb4 Kg5 51. Rb3 1/2-1/2

[Event "Aragon-chT Honor GrB"]
[Site "Aragon"]
[Date "2016.03.05"]
[Round "6.21"]
[White "Villuendas Valero, Adrian"]
[Black "Baron Rodriguez, Jesus"]
[Result "1-0"]
[WhiteElo "2319"]
[BlackElo "2439"]
[PlyCount "65"]
[EventDate "2016.01.30"]
[EventType "team-tourn"]
[EventRounds "7"]
[EventCountry "ESP"]
[SourceTitle "EXT 2018"]
[Source "ChessBase"]
[SourceDate "2017.10.13"]
[SourceVersion "1"]
[SourceVersionDate "2017.10.13"]
[SourceQuality "1"]
[WhiteTeam "St Casablanca II"]
[BlackTeam "IberCaja"]
[WhiteTeamCountry "ESP"]
[BlackTeamCountry "ESP"]

1. d4 d5 2. Bf4 e6 3. e3 Bd6 4. Nf3 b6 5. Nbd2 Bb7 6. Bd3 Nf6 7. Ne5 Nbd7 8. Qf3 Qe7 9. 0-0 0-0-0 10. Qe2 Bxe5 11. dxe5 Ne4 12. Nxe4 dxe4 13. Ba6 g5 14. Bg3 h5 15. f4 h4 16. Be1 Rhg8 17. Bxb7+ Kxb7 18. Qc4 f5 19. exf6 Nxf6 20. fxg5 Rxg5 21. Bxh4 Rf5 22. Rad1 Rxd1 23. Rxd1 Qc5 24. Qxc5 bxc5 25. Bxf6 Rxf6 26. Rf1 Rh6 27. Rf4 Kc6 28. Rxe4 Kd5 29. Ra4 Rh7 30. Rxa7 Ke4 31. Ra3 c4 32. Rc3 e5 33. Kf2 1-0

[Event "Aragon-chT Honor GrB"]
[Site "Aragon"]
[Date "2016.02.20"]
[Round "4.17"]
[White "Cebrian Valverde, Jose Antonio"]
[Black "Baron Rodriguez, Jesus"]
[Result "0-1"]
[WhiteElo "2144"]
[BlackElo "2439"]
[PlyCount "102"]
[EventDate "2016.01.30"]
[EventType "team-tourn"]
[EventRounds "7"]
[EventCountry "ESP"]
[SourceTitle "EXT 2018"]
[Source "ChessBase"]
[SourceDate "2017.10.13"]
[SourceVersion "1"]
[SourceVersionDate "2017.10.13"]
[SourceQuality "1"]
[WhiteTeam "San Jose"]
[BlackTeam "IberCaja"]
[WhiteTeamCountry "ESP"]
[BlackTeamCountry "ESP"]

1. d4 d5 2. Nf3 Bf5 3. c4 e6 4. Nc3 c6 5. e3 Nd7 6. Bd3 Bg6 7. 0-0 Ngf6 8. Bxg6 hxg6 9. Qd3 Bb4 10. Bd2 Be7 11. Rfe1 0-0 12. e4 dxe4 13. Nxe4 Nxe4 14. Qxe4 Re8 15. Rad1 Qb6 16. Bc3 a5 17. Rd3 Bf6 18. Qg4 Qa6 19. b3 b5 20. Ng5 bxc4 21. Rh3 cxb3 22. Qh4 Kf8 23. d5 cxd5 24. Bb4+ axb4 25. Qxb4+ Kg8 26. Qh4 Kf8 27. Qb4+ Nc5 28. Nh7+ Ke7 29. Nxf6 gxf6 30. Qxc5+ Qd6 31. Qxd6+ Kxd6 32. axb3 e5 33. g4 d4 34. Rf3 Re6 35. h4 Kd5 36. h5 gxh5 37. gxh5 Rh8 38. Rh3 f5 39. Ra1 Rb6 40. Ra5+ Ke4 41. Kf1 Rbh6 42. Ra7 Rxh5 43. Rxh5 Rxh5 44. Rxf7 Kf3 45. Ke1 f4 46. Re7 e4 47. Kd2 Rh2 48. Ke1 Rh1+ 49. Kd2 e3+ 50. fxe3 dxe3+ 51. Kc2 e2 0-1

[Event "Aragon-chT Honor GrB"]
[Site "Aragon"]
[Date "2016.02.13"]
[Round "3.29"]
[White "Forcen Esteban, Daniel"]
[Black "Baron Rodriguez, Jesus"]
[Result "1-0"]
[WhiteElo "2555"]
[BlackElo "2439"]
[PlyCount "113"]
[EventDate "2016.01.30"]
[EventType "team-tourn"]
[EventRounds "7"]
[EventCountry "ESP"]
[SourceTitle "EXT 2018"]
[Source "ChessBase"]
[SourceDate "2017.10.13"]
[SourceVersion "1"]
[SourceVersionDate "2017.10.13"]
[SourceQuality "1"]
[WhiteTeam "Jaime Casas"]
[BlackTeam "IberCaja"]
[WhiteTeamCountry "ESP"]
[BlackTeamCountry "ESP"]

1. e4 e5 2. Nf3 Nc6 3. Bc4 Nf6 4. Ng5 d5 5. exd5 Na5 6. Bb5+ Bd7 7. Qe2 Be7 8. Bxd7+ Qxd7 9. Qxe5 0-0 10. 0-0 Ng4 11. Qf4 Bd6 12. Qe4 Bxh2+ 13. Kh1 Nf6 14. Qh4 Be5 15. d4 Bd6 16. Nc3 Qf5 17. Nce4 h6 18. Nxf6+ Qxf6 19. Nf3 Qf5 20. c3 Rfe8 21. b3 Re4 22. Qh3 Qxd5 23. c4 Qc6 24. Bd2 b6 25. Rae1 Rae8 26. Rxe4 Rxe4 27. Qc8+ Re8 28. Qa6 Qb7 29. Qxb7 Nxb7 30. b4 c6 31. Rc1 Bc7 32. a4 g5 33. Be3 f5 34. Kg1 f4 35. Bd2 c5 36. bxc5 bxc5 37. Rb1 Nd6 38. dxc5 Nxc4 39. Rb7 Nxd2 40. Nxd2 Re7 41. Rxa7 g4 42. Kf1 Kf7 43. f3 h5 44. Ne4 Ke6 45. a5 Kd5 46. a6 Kc6 47. Ra8 Rd7 48. Rh8 Rd1+ 49. Ke2 Ra1 50. Rxh5 Ra2+ 51. Kd3 Ra3+ 52. Kc4 gxf3 53. Rh6+ Kd7 54. gxf3 Rxf3 55. c6+ Kc8 56. Rh8+ Bd8 57. a7 1-0

[Event "Aragon-chT Preferente A"]
[Site "Aragon"]
[Date "2015.03.07"]
[Round "7.45"]
[White "Baron Rodriguez, Jesus"]
[Black "Perez Puyal, Jose Joaquin"]
[Result "1-0"]
[WhiteElo "2441"]
[BlackElo "1922"]
[PlyCount "59"]
[EventDate "2015.01.24"]
[EventType "team-tourn"]
[EventRounds "11"]
[EventCountry "ESP"]
[SourceTitle "EXT 2017"]
[Source "ChessBase"]
[SourceDate "2016.10.25"]
[SourceVersion "1"]
[SourceVersionDate "2016.10.25"]
[SourceQuality "1"]
[WhiteTeam "IberCaja II"]
[BlackTeam "Jaque"]
[WhiteTeamCountry "ESP"]
[BlackTeamCountry "ESP"]

1. e4 d5 2. exd5 Qxd5 3. Nc3 Qa5 4. Bc4 Nf6 5. Nf3 c6 6. 0-0 Bf5 7. b4 Qc7 8. Re1 e6 9. Rb1 Be7 10. d3 0-0 11. a4 Nbd7 12. Bd2 Nb6 13. Ba2 Nbd5 14. Ne4 Rfd8 15. Ng3 Bg6 16. Ne5 Nd7 17. Nxg6 hxg6 18. Qf3 Bd6 19. Ne4 Bxh2+ 20. Kh1 Bf4 21. Bxd5 Bxd2 22. Bxe6 fxe6 23. Nxd2 Rf8 24. Qg4 Rf5 25. Rxe6 Nf8 26. Re3 Rxf2 27. Nf3 Rxc2 28. Ng5 Qc8 29. Qh4 Qf5 30. Rh3 1-0

[Event "Aragon-chT Preferente A"]
[Site "Aragon"]
[Date "2015.02.28"]
[Round "6.37"]
[White "Sanz Lopez, Ruben"]
[Black "Baron Rodriguez, Jesus"]
[Result "0-1"]
[WhiteElo "1936"]
[BlackElo "2441"]
[PlyCount "90"]
[EventDate "2015.01.24"]
[EventType "team-tourn"]
[EventRounds "11"]
[EventCountry "ESP"]
[SourceTitle "EXT 2017"]
[Source "ChessBase"]
[SourceDate "2016.10.25"]
[SourceVersion "1"]
[SourceVersionDate "2016.10.25"]
[SourceQuality "1"]
[WhiteTeam "Aragon ONCE II"]
[BlackTeam "IberCaja II"]
[WhiteTeamCountry "ESP"]
[BlackTeamCountry "ESP"]

1. d4 e6 2. e3 b6 3. Bd3 Bb7 4. Nf3 f5 5. 0-0 Nf6 6. c4 Bd6 7. Nc3 0-0 8. Qe2 Ne4 9. Nb5 Rf6 10. Nxd6 cxd6 11. Nd2 Rh6 12. f3 Qh4 13. fxe4 fxe4 14. g3 exd3 15. Qf2 Qe7 16. e4 Na6 17. Nf3 Rg6 18. Qe3 Nb4 19. Rb1 Rg4 20. Nd2 Nxa2 21. Qxd3 d5 22. cxd5 exd5 23. Qf3 Qe6 24. Qb3 dxe4 25. Qxe6+ dxe6 26. Nc4 Ba6 27. Ne5 Bxf1 28. Nxg4 Bd3 29. Ra1 Nxc1 30. Rxc1 b5 31. Ne5 a5 32. Kf2 a4 33. Ke3 b4 34. Nxd3 exd3 35. Kxd3 a3 36. bxa3 bxa3 37. Ra1 Kf7 38. Ra2 Ke7 39. Ke4 Kd6 40. Kd3 Kd5 41. Kc3 g5 42. h4 g4 43. Kd3 h5 44. Ke3 Kc4 45. Ke4 Ra5 0-1

[Event "Aragon-chT Preferente B"]
[Site "Aragon"]
[Date "2014.03.15"]
[Round "8.65"]
[White "Baron Rodriguez, Jesus"]
[Black "Hinojar Basa, Alfonso"]
[Result "1-0"]
[WhiteElo "2435"]
[BlackElo "2201"]
[PlyCount "71"]
[EventDate "2014.01.25"]
[EventType "team-tourn"]
[EventRounds "9"]
[EventCountry "ESP"]
[SourceTitle "EXT 2015"]
[Source "ChessBase"]
[SourceDate "2014.11.20"]
[SourceVersion "1"]
[SourceVersionDate "2014.11.20"]
[SourceQuality "1"]
[WhiteTeam "IberCaja II"]
[BlackTeam "Marcos Frechin"]
[WhiteTeamCountry "ESP"]
[BlackTeamCountry "ESP"]

1. d4 Nf6 2. c4 c5 3. e3 e6 4. Nc3 b6 5. Nf3 Bb7 6. Bd3 d6 7. 0-0 Be7 8. b3 0-0 9. Bb2 Nbd7 10. Rc1 a6 11. Qe2 Qc7 12. Rfd1 Rad8 13. Bb1 Rfe8 14. a3 Bf8 15. b4 Qb8 16. d5 exd5 17. Nxd5 Nxd5 18. cxd5 g6 19. h4 Bg7 20. Bxg7 Kxg7 21. Qb2+ Kg8 22. h5 Ne5 23. Nxe5 Rxe5 24. h6 f6 25. bxc5 bxc5 26. e4 Rf8 27. Bd3 Rf7 28. Rc3 Qf8 29. Rb3 Ree7 30. Rb6 Qxh6 31. Rxd6 Qf4 32. Rb6 f5 33. d6 Rd7 34. Re1 fxe4 35. Bc4 h6 36. Rxb7 1-0

[Event "Aragon-chT Preferente B"]
[Site "Aragon"]
[Date "2014.02.15"]
[Round "4.69"]
[White "Sanz Lopez, Ruben"]
[Black "Baron Rodriguez, Jesus"]
[Result "0-1"]
[WhiteElo "1955"]
[BlackElo "2435"]
[PlyCount "46"]
[EventDate "2014.01.25"]
[EventType "team-tourn"]
[EventRounds "9"]
[EventCountry "ESP"]
[SourceTitle "EXT 2015"]
[Source "ChessBase"]
[SourceDate "2014.11.20"]
[SourceVersion "1"]
[SourceVersionDate "2014.11.20"]
[SourceQuality "1"]
[WhiteTeam "Aragon ONCE II"]
[BlackTeam "IberCaja II"]
[WhiteTeamCountry "ESP"]
[BlackTeamCountry "ESP"]

1. d4 d5 2. Nf3 Bf5 3. c4 e6 4. Nc3 c6 5. Qb3 Qb6 6. c5 Qc7 7. Bg5 Nd7 8. Bh4 h6 9. Bg3 Qc8 10. Qd1 g5 11. h3 Bg7 12. b4 Ne7 13. e3 0-0 14. Bd3 Re8 15. 0-0 a5 16. Rb1 axb4 17. Bxf5 Nxf5 18. Na4 Nxg3 19. fxg3 Qc7 20. Rxb4 e5 21. Qb3 Ra7 22. e4 dxe4 23. Nxg5 Nf6 0-1

[Event "Aragon-chT Honor Titulo"]
[Site "Aragon"]
[Date "2013.04.06"]
[Round "10.6"]
[White "Chueca Forcen, Alberto"]
[Black "Baron Rodriguez, Jesus"]
[Result "1-0"]
[WhiteElo "2310"]
[BlackElo "2438"]
[PlyCount "147"]
[EventDate "2013.01.26"]
[EventType "team"]
[EventRounds "11"]
[EventCountry "ESP"]
[SourceTitle "EXT 2014"]
[Source "ChessBase"]
[SourceDate "2013.11.20"]
[SourceVersion "1"]
[SourceVersionDate "2013.11.20"]
[SourceQuality "1"]
[WhiteTeam "El Olivar"]
[BlackTeam "IberCaja"]
[WhiteTeamCountry "ESP"]
[BlackTeamCountry "ESP"]

1. e4 e6 2. d4 d5 3. Nc3 Bb4 4. Nge2 dxe4 5. a3 Bxc3+ 6. Nxc3 Nc6 7. d5 Nce7 8. Qg4 Kf8 9. dxe6 Nf6 10. Qe2 Bxe6 11. Bg5 Nf5 12. Nxe4 Nd4 13. Bxf6 Nxe2 14. Bxd8 Nd4 15. 0-0-0 Rxd8 16. Nc5 Bc8 17. c3 Nc6 18. Bb5 Ke7 19. Na6 bxa6 20. Bxc6 Be6 21. Rhe1 Kf6 22. Re4 Rxd1+ 23. Kxd1 Rd8+ 24. Rd4 Rxd4+ 25. cxd4 a5 26. Kc2 Ke7 27. d5 Bf5+ 28. Kb3 Kd6 29. Ka4 Kc5 30. Kxa5 Bc8 31. b4+ Kc4 32. a4 g5 33. Be8 f6 34. Bf7 Kd4 35. g3 Ke4 36. Kb5 Bd7+ 37. Ka6 Bxa4 38. Kxa7 Ke5 39. Kb7 Kd6 40. Kc8 Bb5 41. Kd8 h6 42. Be8 Bd3 43. Bf7 Bb5 44. Be8 Bd3 45. Bd7 Be2 46. Be6 Bb5 47. Bg8 Bd7 48. Bf7 Bb5 49. h4 gxh4 50. gxh4 Ba4 51. Be8 Bd1 52. Bd7 Bh5 53. Be6 Be2 54. Ke8 Bh5+ 55. Kd8 Bf3 56. Ke8 Bh5+ 57. Kf8 c6 58. dxc6 Kxe6 59. c7 Kd7 60. Kg7 Kxc7 61. Kxh6 Be8 62. Kg7 f5 63. Kf6 f4 64. Kg5 f3 65. h5 Ba4 66. h6 Bc2 67. Kf4 Kb6 68. Kxf3 Kb5 69. Kf4 Kxb4 70. Ke5 Kc5 71. f4 Bh7 72. f5 Kc6 73. Ke6 Bg8+ 74. Ke7 1-0

[Event "Aragon-chT Honor GrB"]
[Site "Aragon"]
[Date "2013.02.02"]
[Round "2.26"]
[White "Baron Rodriguez, Jesus"]
[Black "Sacristan Latorre, Alberto"]
[Result "1-0"]
[WhiteElo "2438"]
[BlackElo "2063"]
[PlyCount "69"]
[EventDate "2013.01.26"]
[EventType "team"]
[EventRounds "7"]
[EventCountry "ESP"]
[SourceTitle "EXT 2014"]
[Source "ChessBase"]
[SourceDate "2013.11.20"]
[SourceVersion "1"]
[SourceVersionDate "2013.11.20"]
[SourceQuality "1"]
[WhiteTeam "IberCaja"]
[BlackTeam "Ramiro"]
[WhiteTeamCountry "ESP"]
[BlackTeamCountry "ESP"]

1. e4 c5 2. Nc3 e6 3. Nf3 a6 4. d4 cxd4 5. Nxd4 Qc7 6. Bd3 Nf6 7. 0-0 d6 8. f4 Be7 9. Kh1 b5 10. e5 dxe5 11. fxe5 Qxe5 12. Bf4 Qc5 13. Qf3 Qa7 14. Ndxb5 axb5 15. Nxb5 Bb7 16. Nxa7 Bxf3 17. gxf3 Rxa7 18. Bxb8 Rb7 19. Be5 0-0 20. a4 Nd7 21. Bc3 Bb4 22. Bxb4 Rxb4 23. b3 Ne5 24. Bb5 Rc8 25. f4 Ng4 26. Bd3 Ne3 27. Rf3 Nd5 28. a5 Nxf4 29. a6 Nd5 30. c4 Nf6 31. a7 Ra8 32. Rxf6 gxf6 33. Be4 Rxa7 34. Rxa7 Rxb3 35. c5 1-0

[Event "Aragon-chT Honor GrB "]
[Site "Aragon"]
[Date "2012.03.17"]
[Round "7.30"]
[White "Baron Rodriguez, Jesus"]
[Black "Labena Bernal, Antonio"]
[Result "1-0"]
[WhiteElo "2449"]
[BlackElo "2095"]
[PlyCount "123"]
[EventDate "2012.02.04"]
[EventType "team-tourn"]
[EventRounds "7"]
[EventCountry "ESP"]
[SourceTitle "EXT 2014"]
[Source "ChessBase"]
[SourceDate "2013.11.20"]
[SourceVersion "1"]
[SourceVersionDate "2013.11.20"]
[SourceQuality "1"]
[WhiteTeam "IberCaja"]
[BlackTeam "St Casablanca II"]
[WhiteTeamCountry "ESP"]
[BlackTeamCountry "ESP"]

1. d4 d5 2. c4 e6 3. Nc3 Nf6 4. cxd5 exd5 5. Bg5 c6 6. e3 Bf5 7. Qf3 Bg6 8. Bxf6 Qxf6 9. Qxf6 gxf6 10. Kd2 Nd7 11. h4 h5 12. Bd3 Rg8 13. Nge2 Bxd3 14. Kxd3 Bd6 15. g3 f5 16. Nf4 Nf6 17. Nce2 Kd7 18. Rac1 Rac8 19. Rc2 Ne4 20. Rf1 Rh8 21. f3 Nf6 22. Rg1 Rce8 23. Nc3 Rhg8 24. Rcg2 Rg7 25. a3 Rgg8 26. Kd2 Re7 27. Nd3 Rge8 28. Re1 Rg8 29. Reg1 Rge8 30. Re1 Rg8 31. Ne2 Rge8 32. Nef4 Rc8 33. Nc5+ Kc7 34. Rc1 Rce8 35. Rc3 Rh8 36. Rg1 Rg8 37. Ncd3 Rge8 38. Nc1 Rg8 39. Nce2 Kb8 40. Ke1 Rh8 41. Kf2 Nd7 42. Rgc1 Nb6 43. R1c2 Na4 44. Rb3 Nb6 45. Rbc3 Na4 46. Rd3 Nb6 47. Ng2 Rhe8 48. Nef4 Rh8 49. Rdc3 Na4 50. Rb3 Nb6 51. a4 Ka8 52. a5 Nc4 53. a6 bxa6 54. Rbc3 Rb7 55. b3 Na5 56. Ra2 Rb5 57. Nd3 Kb7 58. b4 Nc4 59. Nc5+ Bxc5 60. bxc5 Rb2+ 61. Rxb2+ Nxb2 62. Rb3+ 1-0

[Event "Aragon-chT Honor GrB "]
[Site "Aragon"]
[Date "2012.02.18"]
[Round "3.22"]
[White "Baron Rodriguez, Jesus"]
[Black "Cabrera Moreno, Daniel"]
[Result "1/2-1/2"]
[WhiteElo "2449"]
[BlackElo "2191"]
[PlyCount "75"]
[EventDate "2012.02.04"]
[EventType "team-tourn"]
[EventRounds "7"]
[EventCountry "ESP"]
[SourceTitle "EXT 2014"]
[Source "ChessBase"]
[SourceDate "2013.11.20"]
[SourceVersion "1"]
[SourceVersionDate "2013.11.20"]
[SourceQuality "1"]
[WhiteTeam "IberCaja"]
[BlackTeam "Actur Rey Fernando"]
[WhiteTeamCountry "ESP"]
[BlackTeamCountry "ESP"]

1. e4 e5 2. Nf3 Nc6 3. Bb5 d6 4. d4 Bd7 5. 0-0 exd4 6. Nxd4 g6 7. f4 Bg7 8. Nf3 Nge7 9. Nc3 0-0 10. Be3 a6 11. Bd3 b5 12. Qd2 f5 13. Rae1 Kh8 14. Bf2 Be6 15. exf5 Bxf5 16. Ng5 Qd7 17. Bxf5 Rxf5 18. Ne6 Bh6 19. Bd4+ Nxd4 20. Qxd4+ Kg8 21. g4 Rf7 22. g5 Bf8 23. Re4 Nf5 24. Qd3 c6 25. Rfe1 d5 26. R4e2 Bd6 27. Nd1 Ng7 28. Qh3 Nxe6 29. Rxe6 Raf8 30. Kg2 Bxf4 31. Qg4 Bb8 32. Qh4 Ba7 33. c3 Bb6 34. Qg4 d4 35. Qe4 Bc5 36. Qxc6 Qxc6+ 37. Rxc6 Rf5 38. h4 1/2-1/2

[Event "ESP-ch Autonomicas"]
[Site "Gijon"]
[Date "2011.05.01"]
[Round "4.1"]
[White "Baron Rodriguez, Jesus"]
[Black "Magem Badals, Jordi"]
[Result "1-0"]
[WhiteElo "2447"]
[BlackElo "2573"]
[PlyCount "49"]
[EventDate "2011.04.29"]
[EventType "team-swiss"]
[EventRounds "6"]
[EventCountry "ESP"]
[SourceTitle "CBM 142 Extra"]
[Source "ChessBase"]
[SourceDate "2011.06.27"]
[SourceVersion "1"]
[SourceVersionDate "2011.06.27"]
[SourceQuality "1"]
[WhiteTeam "Aragon"]
[BlackTeam "Catalunya"]
[WhiteTeamCountry "ESP"]
[BlackTeamCountry "ESP"]

1. e4 c6 2. d4 d5 3. exd5 cxd5 4. c4 Nf6 5. Nc3 Nc6 6. Nf3 g6 7. cxd5 Nxd5 8. Qb3 Nxc3 9. Bc4 Nd5 10. Bxd5 e6 11. Bxc6+ bxc6 12. 0-0 Bg7 13. Bf4 0-0 14. Rac1 a5 15. Rxc6 a4 16. Qb6 Qd5 17. Rc7 Ba6 18. Rfc1 Rfb8 19. Qc5 Rxb2 20. Qe7 Qf5 21. Ra7 Rf8 22. Qa3 Rb6 23. Bd6 Rc8 24. Rxa6 Qc2 25. Ra8 1-0

[Event "ESP-ch Autonomicas"]
[Site "Gijon"]
[Date "2011.04.29"]
[Round "1.1"]
[White "Reinaldo Castineira, Roi"]
[Black "Baron Rodriguez, Jesus"]
[Result "0-1"]
[WhiteElo "2497"]
[BlackElo "2447"]
[PlyCount "44"]
[EventDate "2011.04.29"]
[EventType "team-swiss"]
[EventRounds "6"]
[EventCountry "ESP"]
[SourceTitle "CBM 142 Extra"]
[Source "ChessBase"]
[SourceDate "2011.06.27"]
[SourceVersion "1"]
[SourceVersionDate "2011.06.27"]
[SourceQuality "1"]
[WhiteTeam "Navarra"]
[BlackTeam "Aragon"]
[WhiteTeamCountry "ESP"]
[BlackTeamCountry "ESP"]

1. c4 e6 2. Nf3 d5 3. g3 dxc4 4. Qa4+ Bd7 5. Qxc4 Bc6 6. Bg2 Nf6 7. Nc3 Be7 8. e4 0-0 9. 0-0 b5 10. Nxb5 Bxe4 11. Qxc7 Qd3 12. Qxe7 Qxb5 13. d4 Nc6 14. Qc5 Qb7 15. Bg5 Nd7 16. Qd6 Rfc8 17. Rfd1 Nb4 18. Ne5 Bxg2 19. Nxd7 Bh3 20. d5 Nxd5 21. Rd2 Rc6 22. Nc5 Qb6 0-1

[Event "Aragon-chT Honor Titulo"]
[Site "Spain"]
[Date "2011.04.09"]
[Round "10.1"]
[White "Valles Mata, David"]
[Black "Baron Rodriguez, Jesus"]
[Result "1/2-1/2"]
[WhiteElo "2152"]
[BlackElo "2447"]
[PlyCount "74"]
[EventDate "2011.03.26"]
[EventType "team-tourn"]
[EventRounds "11"]
[EventCountry "ESP"]
[SourceTitle "EXT 2013"]
[Source "ChessBase"]
[SourceDate "2012.11.22"]
[SourceVersion "1"]
[SourceVersionDate "2012.11.22"]
[SourceQuality "1"]
[WhiteTeam "La Aurora Estadilla"]
[BlackTeam "IberCaja"]
[WhiteTeamCountry "ESP"]
[BlackTeamCountry "ESP"]

1. e4 e5 2. Nf3 Nc6 3. Bb5 Nge7 4. 0-0 g6 5. d4 exd4 6. Nxd4 Bg7 7. c3 0-0 8. Be3 f5 9. exf5 Nxd4 10. Bxd4 Nxf5 11. Bxg7 Kxg7 12. Nd2 Nh4 13. Ne4 d5 14. Ng3 c6 15. Be2 Qf6 16. Bg4 Qf4 17. Bxc8 Raxc8 18. Qd3 Rce8 19. Rad1 Re5 20. Qd4 Qxd4 21. Rxd4 g5 22. f4 gxf4 23. Rdxf4 Rxf4 24. Rxf4 Ng6 25. Rf1 c5 26. Nf5+ Kf6 27. Nd6+ Ke6 28. Nxb7 d4 29. c4 Ne7 30. g4 Kd7 31. Na5 h5 32. h3 hxg4 33. hxg4 Re4 34. Kf2 Rxg4 35. a3 Nf5 36. Kf3 Rh4 37. Rg1 Nd6 1/2-1/2